Statystyki dla Stolice Oceanii - Quiz na mapie

Kliknij tutaj aby rozwiązać quiz!

Ogólne statystyki

  • Ten quiz został rozwiązany 7 835 razy
  • Średni wynik to 5 z 14

Odpowiedzi na mapie

Odpowiedzi skodowane kolorowo w zielono-czerwonej skali na mapie do tego quizu, zgodnie z poniższymi procentami.
 

Statystyki odpowiedzi

Odpowiedź% Poprawnych
Canberra
87%
Wellington
77%
Port Moresby
53%
Suva
34%
Port Vila
31%
Honiara
30%
Apia
29%
Ngerulmud
28%
Palikir
26%
Yaren
26%
Majuro
25%
Nuku'alofa
25%
Tarawa
24%
Funafuti
21%

Rozkład punktacji

Percentyl według liczby udzielonych odpowiedzi

Procent ludzi z każdym wynikiem

Twoja historia wyników

Nie rozwiązałeś tego quizu